Normal view
MARC view
- القانون المدني -- التأمين -- التعويض -- شركات التأمين
Entry Topical Term
001 - CONTROL NUMBER
- control field: 12749
003 - CONTROL NUMBER IDENTIFIER
- control field: JO-AjAnu
005 - DATE AND TIME OF LATEST TRANSACTION
- control field: 20230606072337.0
008 - FIXED-LENGTH DATA ELEMENTS
- fixed length control field: 230606|| aca||aabn | a|a d
040 ## - CATALOGING SOURCE
- Original cataloging agency: JO-AjAnu
- Transcribing agency: JO-AjAnu
150 ## - HEADING--TOPICAL TERM
- Topical term or geographic name entry element: القانون المدني -- التأمين -- التعويض -- شركات التأمين
670 ## - SOURCE DATA FOUND
- Source citation: Work cat.: (JO-AjAnu)6560: النعيمات ، موسى جميل ، إشراف المهدي ، نزية محمد الصادق , author 12748, النظرية العامة للتأمين من المسئولية المدنية مع أستعراض لنصوص تشريعات التأمين الاجباري من المسئولية الناجمة عن استعمال المركبات في كل من التشريع الأردني والمصري والإنجليزي " دراسة مقارنة "